NORTES/

-д хадгалсан:
Номзүйн дэлгэрэнгүй
Үндсэн зохиолч: Gutiérrez Vidal, Carlos Adolfo (autor)
Формат: Ном
Цуврал:ORIGENES
Нөхцлүүд:
Шошгууд: Шошго нэмэх
Шошго байхгүй, Энэхүү баримтыг шошголох эхний хүн болох!

MARC

LEADER 00000nam^a2200000^a^4500
001 000219602
005 20250521000000.0
009 20260310103821.591
035 |a 040731 
037 |a Acervo Xavier Clavigero 
082 |a 861. 44  |b GUT 
100 |a Gutiérrez Vidal, Carlos Adolfo  |e (autor) 
245 1 0 |a NORTES/  |c CARLOS ADOLFO GUTIERREZ VIDAL 
264 |a Guadalajara, México :  |b Gobierno del Estado de Jalisco, Secretaría de Cultura,  |c 1994 
300 |a 67p. 
336 |a texto  |b txt  |2 rdacontenido 
337 |a sin mediación  |b n  |2 rdamedio 
338 |a volumen  |b nc  |2 rdasoporte 
440 |a ORIGENES 
649 |a XX 
650 |a POESIA MEXICANA -  |x SIGLO XX 
650 |a Literatura Mexicana -  |y Siglo XX 
910 |a Fondo General 
920 |a Impresos - Libros 
930 |a Colección General 
940 |a Literatura 
905 |a 101 
901 |a 040731  |b IT1  |c LIT  |i 040731  |u 20250521 
902 |a https://opac.biblio.iteso.mx/vufind/Record/000219602